000 00706nam a22002057a 4500
005 20241011104515.0
008 240215b ||||| |||| 00| 0 eng d
020 _a9789719647737
082 _aDFil 363.25 P113 2023
100 _aPaca, Benjo O.
_952447
245 _aWorktext on forensic ballistics /
_cBenjo O. Paca and Bernadeth C. Paña.
260 _aQuezon City :
_bChapterhouse Publishing Incorporated,
_c©2023.
300 _a154 pages :
_billustrations;
_c25 cm.
500 _aIncludes references.
650 _aFirearms
_xIdentification.
_952567
650 _aForensic ballistics.
_952568
650 _aBallistics.
_952569
700 _aPaña, Bernadeth C.
_eauthor.
_952448
942 _2ddc
_cDFIL
999 _c19155
_d19155